00442cam a2200169ua 45000010005000000080039000050400009000440410008000530820012000611000032000732450047001052500009001522600039001613000010002006530044002106530018002547509141211n ii |||gr||||Z||||||asm cMAIN aasm a891.441 aChoudhury, S.,eTranslator.1 aGeetanjalicTranslated by Satyen Choudhury a1st. aJorhat:bGrantha-sanskriti,c2003. a112p. aEast Indo-European & Celtic literatures aBengali poems